Logo BPK

Biblioteka

Politechniki Koszalińskiej

Fizika promezutočnych reaktorov / (Rekord nr 12294)

Szczegóły MARC
000 -ETYKIETA REKORDU
podpole kontrolne o stałej długości 00372nam a2200145 i 4500
001 - NUMER KONTROLNY REKORDU
pole kontrolne bg
040 ## - ŹRÓDŁO KATALOGOWANIA
Instytucja, która utworzyła rekord BPK
041 ## - KOD JĘZYKA
Kod języka tekstu pol
080 ## - UNIWERSALNA KLASYFIKACJA DZIESIĘTNA - UKD
UKD 621.039
008 - POLE O STAŁEJ DŁUGOŚCI - DANE KONTROLNE
podpole kontrolne o stałej długości s pl f |000 0 pol
245 #0 - TYTUŁ/ODPOWIEDZIALNOŚĆ
Tytuł Fizika promezutočnych reaktorov /
Pozostałe elementy strefy tytułu i oznaczenia odpowiedzialności perev. s angl. I. A. Stennoboka.
260 ## - STREFA ADRESU WYDAWNICZEGO
Miejsce wydania Moskva :
Nazwa wydawcy/dystrybutora Gosatomizdat,
Data publikacji, dystrybucji/powstania dokumentu 1961.
300 ## - STREFA OPISU FIZYCZNEGO
Objętość s. 626 :
Inne cechy fizyczne ilustr.
856 ## - LOKALIZACJA I DOSTĘP DO ELEKTRONICZNYCH DOKUMENTÓW ZDALNYCH
Link (URL) http://koha.tu.koszalin.pl/cgi-bin/koha/opac-detail.pl?biblionumber=12294
Tekst linku Katalog online BPK
942 ## - DODATKOWE ELEMENTY (KOHA)
Typ dokumentu Książka
Egzemplarze
Wycofany Status egzemplarza Uszkodzony Dostępność Lokalizacja stała Lokalizacja bieżąca Miejsce przechowywania Sygnatura Kod kreskowy Typ dokumentu
      Dostępny Biblioteka Politechniki Koszalińskiej Biblioteka Politechniki Koszalińskiej Wypożyczalnia BG 6486 01783643 Książka
© 2023 Biblioteka Politechniki Koszalińskiej :: KOHA